[Event "XX C.to Mondiale Seniores"]
[Site "Arco ITA"]
[Date "2010.11.04"]
[Round "9"]
[White "Fragni, Enrico"]
[Black "Filzmaier, Bruno"]
[WhiteElo "1756"]
[BlackElo "1940"]
[Result "0-1"]
[PlyCount "114"]
[EventDate "2010.10.26"]

1. Nf3 e6 2. e4 d5 3. d3 dxe4 4. dxe4 Qxd1+ 5. Kxd1 Nf6 6. Bd3 Ng4 7. Ke2 Bc5
8. Rf1 Nd7 9. Bf4 c6 10. Nbd2 O-O 11. h3 Ngf6 12. g4 a5 13. a4 b6 14. Nb3 Be7
15. Nbd4 Bb7 16. Ne5 Nxe5 17. Bxe5 c5 18. Nb5 Bxe4 19. Ke3 Bxd3 20. cxd3 Nd5+
21. Ke2 f6 22. Bg3 Rac8 23. Rac1 e5 24. Rfe1 Rfd8 25. Kf1 Nb4 26. Re3 Nxd3 27.
Rc2 Nb4 28. Rc1 Rd2 29. f4 Nd5 30. Re2 Rxe2 31. Kxe2 Nxf4+ 32. Bxf4 exf4 33.
Kf3 g5 34. h4 Rd8 35. hxg5 fxg5 36. Ke4 Kf7 37. Rh1 Kg6 38. b3 Bf6 39. Rh3 Rd2
40. Nc7 Rd4+ 41. Kf3 Rd3+ 42. Kg2 Rxh3 43. Kxh3 h5 44. gxh5+ Kxh5 45. Nd5 Bd8
46. Nc3 g4+ 47. Kg2 Kg5 48. Ne4+ Kf5 49. Nf2 Bh4 50. Nh1 f3+ 51. Kf1 g3 52. Kg1
Ke4 53. Nf2+ gxf2+ 54. Kf1 Bf6 55. b4 axb4 56. a5 bxa5 57. Kxf2 a4 0-1

[Event "XX C.to Mondiale Seniores"]
[Site "Arco ITA"]
[Date "2010.11.04"]
[Round "9"]
[White "Giani, Franco"]
[Black "Jarvinen, Seppo"]
[WhiteElo "1988"]
[BlackElo "1902"]
[Result "0-1"]
[PlyCount "44"]
[EventDate "2010.10.26"]

1. c4 e5 2. Nc3 Nf6 3. a3 b6 4. e4 Nc6 5. Nf3 Bc5 6. Be2 d6 7. O-O O-O 8. d3 h6
9. Na4 Bd4 10. Bd2 Nh7 11. Nc3 f5 12. Nxd4 Nxd4 13. f3 f4 14. Nb5 Ne6 15. Kh1
Rf6 16. Rg1 Rg6 17. Be1 c6 18. Nc3 Nd4 19. Bf1 Qg5 20. Bf2 Qh5 21. Bxd4 Rg5 22.
Bf2 Qxh2+ 0-1

[Event "XX C.to Mondiale Seniores"]
[Site "Arco ITA"]
[Date "2010.11.04"]
[Round "9"]
[White "Gutkin, Boris"]
[Black "Rukavina, Josip"]
[WhiteElo "2275"]
[BlackElo "2423"]
[Result "0-1"]
[PlyCount "80"]
[EventDate "2010.10.26"]

1. d4 d6 2. e4 g6 3. Nf3 Nf6 4. Nc3 Bg7 5. Be2 O-O 6. O-O c6 7. a4 a5 8. h3 Na6
9. Re1 Nb4 10. Bc4 d5 11. exd5 cxd5 12. Bb3 Bf5 13. Nh4 Bd7 14. Ne2 b5 15. c3
bxa4 16. Bxa4 Bxa4 17. Rxa4 Nc6 18. Ng3 e6 19. Nf3 Nd7 20. Bf4 Nb6 21. Ra2 Nc4
22. b3 Nb6 23. h4 Nd7 24. h5 Re8 25. hxg6 hxg6 26. Rae2 Qb6 27. Ng5 Nf8 28. Re3
Ra7 29. Nf1 Nd8 30. Nf3 f6 31. N3h2 Nf7 32. Ng4 Rae7 33. c4 Qb7 34. Qf3 dxc4
35. bxc4 Qxf3 36. Rxf3 Rd7 37. d5 f5 38. dxe6 Rxe6 39. Rxe6 Nxe6 40. Nge3 Nd4
0-1

[Event "XX C.to Mondiale Seniores"]
[Site "Arco ITA"]
[Date "2010.11.04"]
[Round "9"]
[White "Hammar, Bengt"]
[Black "Westerinen, Heikki M.J."]
[WhiteElo "2240"]
[BlackElo "2365"]
[Result "1/2-1/2"]
[PlyCount "91"]
[EventDate "2010.10.26"]

1. e4 e6 2. d4 d5 3. Nc3 Bb4 4. e5 c5 5. a3 Bxc3+ 6. bxc3 Nc6 7. Nf3 Qa5 8. Qd2
Nge7 9. a4 cxd4 10. cxd4 Qxd2+ 11. Bxd2 Nf5 12. Bc3 Bd7 13. Bd3 Rc8 14. Kd2 f6
15. exf6 gxf6 16. Bxf5 exf5 17. Ne1 Nd8 18. Nd3 Ne6 19. Rhb1 Bc6 20. Re1 Kf7
21. Re3 f4 22. Re2 f3 23. gxf3 Rhg8 24. f4 Rg2 25. h4 Rg4 26. Rae1 Re8 27. a5
Rxh4 28. Bb4 a6 29. f5 Ng7 30. Rxe8 Nxe8 31. Re7+ Kg8 32. Bc5 Re4 33. Rxe4 dxe4
34. Nf4 Ng7 35. d5 Bd7 36. Bd4 Kf7 37. Bb2 Bxf5 38. Ke3 h5 39. Ng2 Bh7 40. Kf4
Ke7 41. c4 Ne8 42. Ba3+ Kd7 43. Bb2 Kd6 44. Ba3+ Kd7 45. Bb2 Kd6 46. Ba3+
1/2-1/2

[Event "XX C.to Mondiale Seniores"]
[Site "Arco ITA"]
[Date "2010.11.04"]
[Round "9"]
[White "Hocevar, Nikola"]
[Black "Doehner, Hans-Juergen"]
[WhiteElo "2081"]
[BlackElo "2169"]
[Result "1/2-1/2"]
[PlyCount "23"]
[EventDate "2010.10.26"]

1. c4 e5 2. Nc3 g6 3. g3 Bg7 4. Bg2 Ne7 5. d3 d6 6. e3 Nbc6 7. Nge2 O-O 8. O-O
Be6 9. Nd5 Qd7 10. Rb1 Rac8 11. b4 a6 12. a3 1/2-1/2

[Event "XX C.to Mondiale Seniores"]
[Site "Arco ITA"]
[Date "2010.11.04"]
[Round "9"]
[White "Huss, Benjamin"]
[Black "Rubinstein, Mark"]
[WhiteElo "2178"]
[BlackElo "2010"]
[Result "1-0"]
[PlyCount "139"]
[EventDate "2010.10.26"]

1. Nf3 d5 2. b3 e6 3. Bb2 Nf6 4. g3 Bd6 5. Bg2 Nbd7 6. d4 c6 7. O-O Qc7 8. c4
b6 9. Nbd2 O-O 10. Rc1 Bb7 11. e4 Nxe4 12. Nxe4 dxe4 13. Ng5 Nf6 14. Nxe4 Nxe4
15. Bxe4 f5 16. Bg2 Rfe8 17. c5 Bf8 18. Re1 b5 19. b4 g6 20. Qb3 Qd7 21. Re2
Kf7 22. Rce1 Bg7 23. h4 h5 24. a3 Rad8 25. Kh2 Bc8 26. Rd1 Kg8 27. Bc1 Bf6 28.
Bf4 Qb7 29. Red2 Kg7 30. Be5 Bd7 31. Qc3 Rf8 32. Qe3 Rde8 33. Rf1 Rf7 34. f3
Bxe5 35. dxe5 Rc8 36. f4 Rc7 37. Rd6 Qc8 38. Rfd1 a6 39. R1d3 Re7 40. Qd2 Kf7
41. Bf3 Kg7 42. Bd1 Qe8 43. Bb3 Kf7 44. Qa2 Kg7 45. Bd1 Kg8 46. Bf3 Kg7 47. Qa1
Kf7 48. Rd2 Qc8 49. Ra2 Qb7 50. Qc3 Re8 51. Be2 Ra8 52. Rad2 Re8 53. Bd1 Qc8
54. Bb3 Re7 55. Qd3 Kg7 56. Kg1 Qe8 57. Bd1 Qc8 58. Bf3 Qe8 59. Qe2 Qf8 60. Qg2
Qe8 61. Ra2 Qa8 62. Kh2 Kf7 63. a4 Qb7 64. Qe2 Kg7 65. axb5 axb5 66. Ra5 Rc8
67. Qa2 Rc7 68. Ra6 Re8 69. Rxd7+ Rxd7 70. Bxc6 1-0

[Event "XX C.to Mondiale Seniores"]
[Site "Arco ITA"]
[Date "2010.11.04"]
[Round "9"]
[White "Kaufman, Larry C."]
[Black "Belliard, Luis"]
[WhiteElo "2413"]
[BlackElo "2218"]
[Result "1-0"]
[PlyCount "83"]
[EventDate "2010.10.26"]

1. d4 Nf6 2. c4 c5 3. d5 e6 4. Nc3 exd5 5. cxd5 d6 6. Nf3 g6 7. Bf4 a6 8. a4
Bg7 9. h3 O-O 10. e3 Re8 11. Nd2 Qc7 12. Be2 Nbd7 13. Nc4 Bf8 14. O-O Nb6 15.
Na3 Bd7 16. b3 Rab8 17. Qd2 Nc8 18. Rfc1 Qd8 19. Rab1 Ne4 20. Nxe4 Rxe4 21. Bf3
Re8 22. Rxc5 Bf5 23. Rbc1 Qb6 24. R5c3 Qb4 25. Nc2 Qb6 26. Nd4 Ne7 27. e4 Bc8
28. Rc4 Ra8 29. Qb4 Qd8 30. Qxd6 Bd7 31. Rc7 Nc6 32. Qxd7 Qxd7 33. Rxd7 Nxd4
34. Rcc7 b5 35. Rxf7 Nxb3 36. axb5 axb5 37. e5 Nd4 38. e6 Ra4 39. Be5 Ra1+ 40.
Kh2 Nxf3+ 41. gxf3 Re1 42. f4 1-0

[Event "XX C.to Mondiale Seniores"]
[Site "Arco ITA"]
[Date "2010.11.04"]
[Round "9"]
[White "Lederman, Leon"]
[Black "Chernikov, Oleg L."]
[WhiteElo "2255"]
[BlackElo "2425"]
[Result "0-1"]
[PlyCount "81"]
[EventDate "2010.10.26"]

1. e4 c5 2. Nf3 Nc6 3. d4 cxd4 4. Nxd4 Nf6 5. Nc3 Rb8 6. Bg5 Qa5 7. Bxf6 gxf6
8. Nb3 Qe5 9. Qd2 e6 10. f4 Qd6 11. Qe3 a6 12. Rd1 Qe7 13. Be2 b5 14. O-O d6
15. Kh1 h5 16. Bf3 Bd7 17. Rfe1 h4 18. Qf2 Qd8 19. Nd4 Qb6 20. Re2 Nxd4 21.
Rxd4 Bh6 22. e5 dxe5 23. fxe5 fxe5 24. Rxh4 Qxf2 25. Rxf2 Ke7 26. g4 Bf4 27.
Rxh8 Rxh8 28. Bb7 a5 29. Ne2 Be3 30. Rf3 Bb6 31. g5 b4 32. c4 Rh4 33. b3 e4 34.
Rf4 Rxf4 35. Nxf4 Be3 36. g6 f5 37. g7 Kf7 38. Nh5 Bd4 39. c5 Be5 40. c6 Be8
41. c7 0-1

[Event "XX C.to Mondiale Seniores"]
[Site "Arco ITA"]
[Date "2010.11.04"]
[Round "9"]
[White "Limberg, Siegfried"]
[Black "Ramusch, Arnulf"]
[WhiteElo "2139"]
[BlackElo "1955"]
[Result "1/2-1/2"]
[PlyCount "91"]
[EventDate "2010.10.26"]

1. d4 d5 2. Nf3 Nf6 3. e3 Bf5 4. c4 e6 5. Nc3 c6 6. Be2 Nbd7 7. Nh4 Bg6 8. Nxg6
hxg6 9. Rb1 a5 10. Qc2 Bd6 11. h3 dxc4 12. Bxc4 Qe7 13. Bd2 e5 14. dxe5 Nxe5
15. Be2 g5 16. f3 Ng6 17. Ne4 Nxe4 18. Qxe4 Bg3+ 19. Kd1 Qxe4 20. fxe4 O-O 21.
Kc2 Rfe8 22. Bf3 b5 23. Rbd1 b4 24. Be1 Bxe1 25. Rhxe1 Ne5 26. b3 f6 27. Rd6
Red8 28. Red1 Rxd6 29. Rxd6 Kf8 30. Be2 Ke7 31. Rd1 Rd8 32. Ra1 c5 33. a3 Rd7
34. axb4 axb4 35. Ra8 Rc7 36. Ra6 c4 37. bxc4 Nxc4 38. Kb3 Nd2+ 39. Kxb4 Nxe4
40. Bf3 Nd6 41. Bd5 Nf5 42. g4 Nd6 43. Ra2 Nf7 44. Ra8 Kd6 45. Bxf7 Rxf7 46.
Kc4 1/2-1/2

[Event "XX C.to Mondiale Seniores"]
[Site "Arco ITA"]
[Date "2010.11.04"]
[Round "9"]
[White "Luebbers, Doris"]
[Black "Galas, Franco"]
[WhiteElo "1607"]
[BlackElo "1794"]
[Result "1/2-1/2"]
[PlyCount "40"]
[EventDate "2010.10.26"]

1. d4 d6 2. Bf4 e6 3. h3 Ne7 4. Nf3 g6 5. e4 Bg7 6. Bb5+ Bd7 7. Bxd7+ Nxd7 8.
c3 d5 9. Qc2 O-O 10. O-O c5 11. e5 cxd4 12. cxd4 Rc8 13. Qd2 Nf5 14. Nc3 a6 15.
Rac1 b5 16. a3 Qb6 17. Ne2 Nb8 18. Rxc8 Rxc8 19. Rc1 Rxc1+ 20. Qxc1 Nc6 1/2-1/2

[Event "XX C.to Mondiale Seniores"]
[Site "Arco ITA"]
[Date "2010.11.04"]
[Round "9"]
[White "Nickl, Klaus"]
[Black "Jadrijevic, Ante"]
[WhiteElo "2145"]
[BlackElo "2242"]
[Result "1/2-1/2"]
[PlyCount "37"]
[EventDate "2010.10.26"]

1. d4 d5 2. Nf3 Nf6 3. c4 c6 4. e3 Bf5 5. Nc3 e6 6. Nh4 Bg6 7. Nxg6 hxg6 8. Qb3
Qb6 9. g3 Nbd7 10. cxd5 exd5 11. Bg2 Bd6 12. Bd2 O-O 13. O-O Rfe8 14. Rfc1 Qxb3
15. axb3 Ne4 16. Be1 g5 17. Na4 a6 18. b4 Re7 19. Nc5 1/2-1/2

[Event "XX C.to Mondiale Seniores"]
[Site "Arco ITA"]
[Date "2010.11.04"]
[Round "9"]
[White "Perich, Stefano"]
[Black "Stull, Norbert"]
[WhiteElo "1952"]
[BlackElo "2110"]
[Result "0-1"]
[PlyCount "64"]
[EventDate "2010.10.26"]

1. Nf3 Nf6 2. d4 g6 3. Bf4 Bg7 4. h3 O-O 5. e3 d6 6. Bd3 c5 7. c3 b6 8. Qe2 Bb7
9. e4 cxd4 10. cxd4 Nc6 11. Nbd2 Nxd4 12. Nxd4 e5 13. Be3 exd4 14. Bxd4 Nxe4
15. Bxg7 Kxg7 16. Bxe4 d5 17. O-O-O dxe4 18. Nxe4 Qc7+ 19. Nc3 Bxg2 20. Rhg1
Qf4+ 21. Qd2 Qxd2+ 22. Rxd2 Bxh3 23. f3 Rac8 24. Kb1 Rfd8 25. Rh2 Bf5+ 26. Ka1
Rd3 27. Rgh1 h5 28. Rg1 Kh6 29. Rf1 b5 30. Nxb5 Rxf3 31. Re1 Re3 32. Rg1 Rce8
0-1

[Event "XX C.to Mondiale Seniores"]
[Site "Arco ITA"]
[Date "2010.11.04"]
[Round "9"]
[White "Pushkov, Nikolai"]
[Black "Sloth, Jorn"]
[WhiteElo "2466"]
[BlackElo "2302"]
[Result "1-0"]
[PlyCount "95"]
[EventDate "2010.10.26"]

1. Nf3 c5 2. c4 g6 3. Nc3 Bg7 4. e3 Nf6 5. d4 cxd4 6. exd4 d5 7. Bg5 Ne4 8. Bh4
Nxc3 9. bxc3 O-O 10. cxd5 Qxd5 11. Be2 Nc6 12. O-O Bf5 13. Re1 Rac8 14. Qb3 Qd7
15. Bb5 Be6 16. Qb2 a6 17. Ba4 b5 18. Bb3 Bxb3 19. axb3 a5 20. Qe2 b4 21. cxb4
axb4 22. Rad1 Qd5 23. Qc4 e6 24. Qxd5 exd5 25. Ne5 Nxd4 26. Rxd4 Bxe5 27. Rxd5
Rfe8 28. Kf1 Bc3 29. Rxe8+ Rxe8 30. Rd8 Kf8 31. Rxe8+ Kxe8 32. Ke2 Kd7 33. Kd3
Kc6 34. Kc4 Be1 35. Bg3 h5 36. f3 Bd2 37. Bf2 g5 38. h3 f5 39. Bc5 g4 40. Bxb4
gxh3 41. gxh3 Be3 42. Be7 Bb6 43. b4 Ba7 44. b5+ Kd7 45. Bc5 Bb8 46. Kd5 Bf4
47. b6 Bg3 48. Bd4 1-0

[Event "XX C.to Mondiale Seniores"]
[Site "Arco ITA"]
[Date "2010.11.04"]
[Round "9"]
[White "Rosca, Grigore"]
[Black "Cesati Cassin, Giorgio"]
[WhiteElo "1646"]
[BlackElo "1598"]
[Result "1/2-1/2"]
[PlyCount "42"]
[EventDate "2010.10.26"]

1. e4 c5 2. d4 cxd4 3. c3 Nc6 4. cxd4 d5 5. Nc3 e6 6. a3 dxe4 7. Bb5 Nge7 8.
Nxe4 a6 9. Qa4 Qd5 10. Bxc6+ Nxc6 11. f3 Qa5+ 12. Qxa5 Nxa5 13. Bf4 Nc4 14.
O-O-O b5 15. Nc5 Be7 16. h4 Bd6 17. Bxd6 Nxd6 18. d5 O-O 19. dxe6 Nf5 20. exf7+
Kxf7 21. g4 Ne3 1/2-1/2

[Event "XX C.to Mondiale Seniores"]
[Site "Arco ITA"]
[Date "2010.11.04"]
[Round "9"]
[White "Rosino, Antonio"]
[Black "Garcia, Raimundo"]
[WhiteElo "2237"]
[BlackElo "2331"]
[Result "1/2-1/2"]
[PlyCount "148"]
[EventDate "2010.10.26"]

1. e4 d6 2. d4 Nf6 3. Nc3 c5 4. Nf3 cxd4 5. Nxd4 g6 6. Be3 Bg7 7. Be2 O-O 8.
O-O Nc6 9. Qd2 Bd7 10. Rad1 Rc8 11. f3 a6 12. Kh1 Re8 13. Nxc6 Bxc6 14. Nd5
Nxd5 15. exd5 Ba4 16. b3 Bc3 17. Qc1 Bb5 18. Rf2 Qa5 19. a4 Bxe2 20. Rxe2 b5
21. axb5 Qxb5 22. Rd3 a5 23. Bd2 Bxd2 24. Rexd2 a4 25. bxa4 Qxa4 26. Qa3 Qh4
27. Qc1 Rc4 28. h3 Rec8 29. Re2 Qf6 30. Qe3 Rxc2 31. Qxe7 Qf4 32. Rd1 Rc1 33.
Ree1 Kg7 34. Rxc1 Rxc1 35. Rxc1 Qxc1+ 36. Kh2 Qf4+ 37. Kh1 h5 38. Qb7 Kf6 39.
Qb2+ Qe5 40. Qd2 h4 41. Kg1 Kf5 42. Qd3+ Kg5 43. Qd2+ Qf4 44. Qd3 f5 45. Kf2
Qg3+ 46. Kf1 Qe5 47. Kf2 Qb2+ 48. Kg1 Kf4 49. Kh2 Ke5 50. Qc4 Qd4 51. Qc7 Kxd5
52. Qf7+ Kc5 53. Qa7+ Kc4 54. Qa4+ Kc5 55. Qa7+ Kd5 56. Qf7+ Kc6 57. Qxg6 Qf4+
58. Kh1 Kc5 59. Qf7 Kb6 60. Qb3+ Kc5 61. Qc2+ Kd5 62. Qa2+ Ke5 63. Qa5+ Ke6 64.
Qa2+ Kf6 65. Qg8 Qh6 66. Qd8+ Ke5 67. Qe8+ Kf4 68. Qe1 Kg5 69. f4+ Kf6 70. Qc3+
Kg6 71. Qb4 Qf8 72. Qe1 Qf6 73. Qe8+ Kg7 74. Qd7+ Kh6 1/2-1/2

[Event "XX C.to Mondiale Seniores"]
[Site "Arco ITA"]
[Date "2010.11.04"]
[Round "9"]
[White "Roth, Peter"]
[Black "Taksrud, Vidar"]
[WhiteElo "2260"]
[BlackElo "2101"]
[Result "1/2-1/2"]
[PlyCount "65"]
[EventDate "2010.10.26"]

1. e4 d5 2. exd5 Nf6 3. Nc3 Nxd5 4. Bc4 Nxc3 5. Qf3 e6 6. bxc3 Qf6 7. d4 Nd7 8.
Bf4 Bd6 9. Bxd6 cxd6 10. Qg3 Nb6 11. Bd3 O-O 12. Qxd6 Nd5 13. Ne2 Rd8 14. Qg3
Bd7 15. Rb1 b5 16. O-O a6 17. c4 bxc4 18. Bxc4 Bb5 19. Qd3 h5 20. Bxb5 axb5 21.
Rxb5 Rxa2 22. c4 Nf4 23. Nxf4 Qxf4 24. Rxh5 g6 25. Rh3 Rxd4 26. Qb3 Rdd2 27.
Qb7 Qd6 28. c5 Qd8 29. Qb3 Rab2 30. Qc3 Qd4 31. Qxd4 Rxd4 32. Rc3 Rdd2 33. h4
1/2-1/2

[Event "XX C.to Mondiale Seniores"]
[Site "Arco ITA"]
[Date "2010.11.04"]
[Round "9"]
[White "Rucka, Alois"]
[Black "Welz, Peter"]
[WhiteElo "1886"]
[BlackElo "2156"]
[Result "0-1"]
[PlyCount "54"]
[EventDate "2010.10.26"]

1. Nf3 f5 2. c4 Nf6 3. Nc3 g6 4. g3 Bg7 5. Bg2 O-O 6. O-O d6 7. b3 e5 8. Bb2
Nc6 9. e3 h6 10. d3 g5 11. Rc1 Ne7 12. e4 f4 13. h3 Ng6 14. Nd5 g4 15. hxg4
Bxg4 16. Nxf6+ Qxf6 17. Qd2 h5 18. d4 Kh7 19. dxe5 dxe5 20. gxf4 Qxf4 21. Qxf4
Nxf4 22. Nh2 Ne2+ 23. Kh1 Nxc1 24. Nxg4 Nd3 25. Ba3 hxg4 26. Bxf8 Rxf8 27. Kg1
Nf4 0-1

[Event "XX C.to Mondiale Seniores"]
[Site "Arco ITA"]
[Date "2010.11.04"]
[Round "9"]
[White "Ruckschloss, Karol"]
[Black "Ermenkov, Evgenij P."]
[WhiteElo "2293"]
[BlackElo "2442"]
[Result "1/2-1/2"]
[PlyCount "200"]
[EventDate "2010.10.26"]

1. c4 e5 2. Nc3 Nf6 3. e4 Bc5 4. d3 d6 5. h3 Nc6 6. a3 a5 7. Nge2 Bd7 8. g3 h5
9. Be3 Bxe3 10. fxe3 h4 11. g4 Nh7 12. b3 Ne7 13. Ng1 Ng6 14. Nf3 c6 15. Bg2
Ng5 16. Nxg5 Qxg5 17. Qf3 Be6 18. O-O O-O 19. Qf2 Rfb8 20. d4 f6 21. d5 Bd7 22.
Rfd1 c5 23. a4 Kf8 24. Nb1 Ke7 25. Nd2 Rh8 26. Nf3 Qh6 27. Kf1 Raf8 28. Ke2 Rh7
29. Rh1 Nh8 30. Rag1 Nf7 31. Qe1 b6 32. Bf1 Rhh8 33. Kd1 Be8 34. Bd3 Nd8 35.
Rh2 Qh7 36. Kd2 Bg6 37. Qb1 Nf7 38. Rf2 Qh6 39. Qe1 Rc8 40. Rfg2 Qh7 41. Qb1
Rcf8 42. Rf1 Nd8 43. Rfg1 Be8 44. Qe1 Bd7 45. Rf1 Nf7 46. Rgf2 Qh6 47. Bc2 Kd8
48. Rg2 Ng5 49. Nxg5 Qxg5 50. Qe2 Ke7 51. Bb1 Rf7 52. Bc2 Rhf8 53. Bb1 Qh6 54.
Bc2 Rh8 55. Bb1 Rff8 56. Bc2 Qg5 57. Bb1 Rf7 58. Bc2 Rh6 59. Bb1 Rg6 60. Bc2
Qh6 61. Bb1 Rg5 62. Bc2 Rf8 63. Bb1 Qh7 64. Bc2 Be8 65. Qe1 Bg6 66. Qb1 Rh8 67.
Rfg1 Be8 68. Qe1 Bd7 69. Bd3 Kd8 70. Bc2 Kc8 71. Bd3 Kc7 72. Bc2 Qg6 73. Qe2
Re8 74. Qf2 Qh7 75. Bb1 Re7 76. Bc2 Be8 77. Qf1 Bg6 78. Qb1 Re8 79. Ke2 Kd8 80.
Kd2 Ke7 81. Ke2 Rh8 82. Kd2 Be8 83. Qe1 Bd7 84. Qe2 Qh6 85. Rf1 Rf8 86. Rfg1
Rg6 87. Qf2 Qg5 88. Qe2 Rf7 89. Bb1 Rh6 90. Bc2 Rh8 91. Bb1 Rhf8 92. Bc2 Qh6
93. Rf1 Qh7 94. Rgf2 Ra8 95. Qd1 Rff8 96. Qe2 Rac8 97. Qd1 Be8 98. Rg1 Qh6 99.
Qe2 Bd7 100. Rgf1 Qg5 1/2-1/2

[Event "XX C.to Mondiale Seniores"]
[Site "Arco ITA"]
[Date "2010.11.04"]
[Round "9"]
[White "Sarto Ramos, Angel"]
[Black "Kleszczewski, Nicholas"]
[WhiteElo "1963"]
[BlackElo "2145"]
[Result "1-0"]
[PlyCount "37"]
[EventDate "2010.10.26"]

1. d4 Nf6 2. Nf3 g6 3. Bf4 Bg7 4. Nc3 O-O 5. Qd2 d5 6. Bh6 Nc6 7. Bxg7 Kxg7 8.
e3 Ne4 9. Nxe4 dxe4 10. Ng5 Qd5 11. h4 h6 12. c4 Qd6 13. Nh3 e5 14. d5 Rd8 15.
Be2 Ne7 16. g4 Qd7 17. Qc2 Qd6 18. f4 Qf6 19. g5 {...} 1-0

[Event "XX C.to Mondiale Seniores"]
[Site "Arco ITA"]
[Date "2010.11.04"]
[Round "9"]
[White "Schweiger, Georg"]
[Black "Belokopyt, Boris"]
[WhiteElo "2166"]
[BlackElo "2041"]
[Result "1/2-1/2"]
[PlyCount "33"]
[EventDate "2010.10.26"]

1. d4 e6 2. e4 d5 3. e5 c5 4. c3 Nc6 5. Nf3 Nge7 6. dxc5 Ng6 7. Bb5 Bxc5 8. O-O
O-O 9. Qe2 Qc7 10. Re1 a5 11. g3 Qb6 12. Bd3 Nce7 13. Nbd2 a4 14. b4 axb3 15.
Nxb3 Ba3 16. Be3 Qc7 17. Bd4 1/2-1/2

[Event "XX C.to Mondiale Seniores"]
[Site "Arco ITA"]
[Date "2010.11.04"]
[Round "9"]
[White "Serra Olives, Tomas"]
[Black "Bogdanov, Valentin"]
[WhiteElo "2201"]
[BlackElo "2393"]
[Result "0-1"]
[PlyCount "88"]
[EventDate "2010.10.26"]

1. e4 Nf6 2. e5 Nd5 3. d4 d6 4. Nf3 dxe5 5. dxe5 Nc6 6. Bc4 Nb6 7. Qxd8+ Nxd8
8. Bb3 Bg4 9. Nbd2 e6 10. h3 Bh5 11. Nd4 a6 12. c3 c5 13. Ne2 Nc6 14. Nf4 Bg6
15. Nxg6 hxg6 16. f4 g5 17. f5 exf5 18. e6 f6 19. O-O f4 20. Ne4 c4 21. Bc2
O-O-O 22. b4 Be7 23. a4 Ne5 24. a5 Nd5 25. Bd1 f5 26. Nc5 Bxc5+ 27. bxc5 Nd3
28. Ba4 Nxc5 29. Bc2 g6 30. e7 Nxe7 31. Ba3 Rd5 32. Rad1 Re5 33. Rd4 Nc6 34.
Rxc4 Ne4 35. Bb4 Nd2 36. Rxc6+ bxc6 37. Bd3 Kb7 38. Rf2 Re1+ 39. Kh2 Ne4 40.
Rb2 Ng3 41. Bc5+ Ka8 42. Bg1 Rb8 43. Ra2 Rb3 44. Bxa6 Rbb1 0-1

[Event "XX C.to Mondiale Seniores"]
[Site "Arco ITA"]
[Date "2010.11.04"]
[Round "9"]
[White "Sevenyuk, Alexey"]
[Black "Davydov, Mihail"]
[WhiteElo "1920"]
[BlackElo "2032"]
[Result "1/2-1/2"]
[PlyCount "24"]
[EventDate "2010.10.26"]

1. d4 d5 2. e3 Nf6 3. Bd3 e6 4. f4 c5 5. c3 Nc6 6. Nf3 Be7 7. O-O O-O 8. Nbd2
Rb8 9. a4 b6 10. Ne5 Bd7 11. Ndf3 Ne4 12. Nxc6 Bxc6 1/2-1/2

[Event "XX C.to Mondiale Seniores"]
[Site "Arco ITA"]
[Date "2010.11.04"]
[Round "9"]
[White "Shamis, Mordehay"]
[Black "Kornath, Heinrich"]
[WhiteElo "2096"]
[BlackElo "1956"]
[Result "1/2-1/2"]
[PlyCount "94"]
[EventDate "2010.10.26"]

1. e4 e6 2. d4 d5 3. Nd2 Nf6 4. e5 Nfd7 5. f4 c5 6. c3 Nc6 7. Ngf3 Qb6 8. Qb3
cxd4 9. Qxb6 Nxb6 10. cxd4 Nb4 11. Kf2 Bd7 12. a3 Nc6 13. b3 Be7 14. Bb2 O-O
15. Bd3 f6 16. g3 fxe5 17. dxe5 a5 18. Kg2 Bc5 19. h4 Be3 20. Rae1 Bc5 21. h5
Be7 22. Rh2 Bd8 23. Reh1 Ne7 24. Ng5 h6 25. Ngf3 Nf5 26. Nf1 a4 27. b4 Nc4 28.
Bxc4 dxc4 29. g4 Ne7 30. Kg3 Nd5 31. Bc1 Bb6 32. Rd2 c3 33. Rd1 Bb5 34. Nd4
Bxd4 35. Rxd4 Rac8 36. f5 Rc4 37. Rxc4 Bxc4 38. f6 Rf7 39. Ne3 Bb3 40. Nxd5
Bxd5 41. Rf1 Kh7 42. g5 hxg5 43. Bxg5 c2 44. Rf2 Be4 45. Rf1 gxf6 46. exf6 Bf5
47. Rg1 Rd7 1/2-1/2

[Event "XX C.to Mondiale Seniores"]
[Site "Arco ITA"]
[Date "2010.11.04"]
[Round "9"]
[White "Simon Padros, Emili"]
[Black "Grinberg, Iosif P."]
[WhiteElo "2241"]
[BlackElo "2217"]
[Result "1-0"]
[PlyCount "61"]
[EventDate "2010.10.26"]

1. e4 c5 2. d3 d6 3. g3 g6 4. Bg2 Bg7 5. f4 Nc6 6. Nf3 e6 7. O-O Nge7 8. c3 O-O
9. Be3 b6 10. Bf2 Rb8 11. Na3 d5 12. e5 Bb7 13. Nc2 Qd7 14. Re1 Rfc8 15. g4 Bh6
16. Bg3 b5 17. d4 cxd4 18. cxd4 Na5 19. Nb4 Nec6 20. Nd3 Bf8 21. Nc5 Bxc5 22.
dxc5 Ne7 23. Rc1 Ba6 24. b3 b4 25. Qd2 Nb7 26. f5 Qe8 27. f6 Nc6 28. Bf4 Nxc5
29. Rxc5 Nxe5 30. Bxe5 Rxc5 31. Bd6 1-0

[Event "XX C.to Mondiale Seniores"]
[Site "Arco ITA"]
[Date "2010.11.04"]
[Round "9"]
[White "Stanciulescu, Serban"]
[Black "Nordby, Bernt"]
[WhiteElo "1998"]
[BlackElo "2145"]
[Result "0-1"]
[PlyCount "104"]
[EventDate "2010.10.26"]

1. e4 e6 2. d4 d5 3. Nc3 Bb4 4. e5 Qd7 5. a3 Bxc3+ 6. bxc3 b6 7. Qg4 f5 8. Qg3
Ba6 9. Bxa6 Nxa6 10. Ne2 Nb8 11. Nf4 Nc6 12. Nxe6 Qxe6 13. Qxg7 Qg6 14. Qxc7
Nge7 15. O-O O-O 16. Bf4 Rac8 17. Qb7 Qg7 18. Qa6 Ng6 19. Bg5 Ngxe5 20. f4 Nf7
21. Bh4 Nd6 22. Rf3 Ne4 23. Re1 Qf7 24. h3 Na5 25. g4 Rc7 26. Re2 Kh8 27. Rg2
Rg8 28. Qe2 Nc4 29. a4 Qe6 30. g5 Qc6 31. Be1 Kg7 32. h4 Kf8 33. Rh3 Rcg7 34.
Qh5 Qxa4 35. Qh6 Qd7 36. h5 Qd6 37. g6 Ke8 38. Kh1 hxg6 39. hxg6 Rxg6 40. Qh5
Kd8 41. Bh4+ Kc7 42. Bg5 Kc6 43. Qh7 Qd7 44. Qh4 a5 45. Qe1 a4 46. Qb1 a3 47.
Qb3 Ra8 48. Qa2 Qe6 49. Kh2 Rgg8 50. Rg1 Rh8 51. Bh4 Ned2 52. Re1 Nf3+ 0-1

[Event "XX C.to Mondiale Seniores"]
[Site "Arco ITA"]
[Date "2010.11.04"]
[Round "9"]
[White "Strohbusch, Frank"]
[Black "Prahov, G."]
[WhiteElo "1901"]
[BlackElo "2267"]
[Result "1/2-1/2"]
[PlyCount "42"]
[EventDate "2010.10.26"]

1. e4 c5 2. Nc3 g6 3. g3 Bg7 4. Bg2 Nc6 5. d3 Qb6 6. Nge2 Nf6 7. Rb1 O-O 8. O-O
d6 9. h3 Nh5 10. Nd5 Qd8 11. Nef4 Nf6 12. c3 e5 13. Ne2 Bd7 14. b4 cxb4 15.
Nxb4 Nxb4 16. Rxb4 Qc8 17. Kh2 b5 18. Be3 a6 19. Qd2 Rb8 20. Rc1 Be6 21. a3 Re8
1/2-1/2

[Event "XX C.to Mondiale Seniores"]
[Site "Arco ITA"]
[Date "2010.11.04"]
[Round "9"]
[White "Thieme, Hans"]
[Black "Andreas, Guenter"]
[WhiteElo "2112"]
[BlackElo "1971"]
[Result "1/2-1/2"]
[PlyCount "95"]
[EventDate "2010.10.26"]

1. e4 d5 2. exd5 Qxd5 3. Nc3 Qa5 4. Bc4 Nf6 5. d3 e5 6. Bd2 c6 7. Qe2 Qc7 8. f4
Nbd7 9. Nf3 Nb6 10. Bb3 Be7 11. fxe5 Nfd5 12. Nxd5 cxd5 13. Bc3 Bg4 14. Qf2
O-O-O 15. O-O-O Kb8 16. Rde1 Be6 17. Bd4 Nc8 18. Kb1 h5 19. Qe3 Rdg8 20. Ng5
Bxg5 21. Qxg5 Ne7 22. Rhf1 Nc8 23. Qe3 b6 24. Rc1 Ne7 25. Rce1 Nc6 26. c3 Rc8
27. Qf4 Nxd4 28. Qxd4 Qc5 29. Qxc5 bxc5 30. h4 g6 31. Kc1 Kc7 32. Rf6 Kd7 33.
Kd2 Ke7 34. Ke2 Rb8 35. Rb1 Rb6 36. Kf2 Rhb8 37. c4 d4 38. Kg3 Bf5 39. Rxb6
Rxb6 40. Rd1 a5 41. Rd2 Re6 42. Kf4 f6 43. exf6+ Kxf6 44. Bc2 Re3 45. Rf2 Bg4
46. Rd2 Bf5 47. a3 Ke6 48. Bb1 1/2-1/2

[Event "XX C.to Mondiale Seniores"]
[Site "Arco ITA"]
[Date "2010.11.04"]
[Round "9"]
[White "Toefferl, Heimo"]
[Black "Mombelli, Antonio"]
[WhiteElo "2126"]
[BlackElo "1828"]
[Result "1-0"]
[PlyCount "45"]
[EventDate "2010.10.26"]

1. d4 d5 2. c4 e6 3. Nc3 c6 4. Nf3 Nf6 5. Bg5 h6 6. Bh4 dxc4 7. a4 Bb4 8. e3 b5
9. Be2 g5 10. Bg3 Ne4 11. Qc2 Nxg3 12. hxg3 Bb7 13. O-O Bxc3 14. Qxc3 O-O 15.
Ne5 Nd7 16. f4 Nxe5 17. fxe5 a6 18. Rf6 Kg7 19. Raf1 Ra7 20. Bh5 Ba8 21. Qc2 c5
22. Bxf7 Rfxf7 23. Qg6+ 1-0